| 000 | 00789nam a2200205Ia 4500 | ||
|---|---|---|---|
| 003 | GCL | ||
| 008 | 140319s9999 xx 000 0 ara d | ||
| 020 | _a682201977 | ||
| 040 |
_aGCL / _cGCL |
||
| 082 | 0 | 4 |
_a956.5 _bع ن |
| 100 | 1 | _aعادل عبدالحافظ حمزة | |
| 245 | 1 | 0 |
_aنيابة حلب فى عصر سلاطين المماليك ( 1250 -1517 م \ 648 - 923 هـ ) / _cعادل عبدالحافظ حمزة |
| 260 |
_aالقاهرة : _bالهيئة المصرية العامة للكتاب ، _c2000 |
||
| 300 |
_a2 مج ؛ _c22 سم |
||
| 490 |
_aتاريخ المصريين _v188 - 187 |
||
| 650 | 0 | 4 | _aحلب - تاريخ |
| 650 | 0 | 4 | _aسوريا - تاريخ - العصر الاسلامى |
| 650 | 0 | 4 | _aحلب - الاحوال السياسية |
| 942 |
_2ddc _cBK |
||
| 999 |
_c56333 _d56333 |
||